LIBRARY & INFORMATION CENTRE, KCAET, TAVANUR

ONLINE PUBLIC ACCESS CATALOGUE (OPAC)

Ring - Givers / (Record no. 3438)

MARC details
000 -LEADER
fixed length control field 00333cam a2200145ua 4500
041 ## - LANGUAGE CODE
Language code of text/sound track or separate title eng
082 ## - DEWEY DECIMAL CLASSIFICATION NUMBER
Classification number 823.308
Item number CAN/RI
100 ## - MAIN ENTRY--AUTHOR NAME
Personal name Canaway, W H .
245 ## - TITLE STATEMENT
Title Ring - Givers /
260 ## - PUBLICATION, DISTRIBUTION, ETC. (IMPRINT)
Place of publication :
Name of publisher Longmans ,
Year of publication 1964.
300 ## - PHYSICAL DESCRIPTION
Number of Pages 118 ; .
942 ## - ADDED ENTRY ELEMENTS (KOHA)
Koha item type Books
Holdings
Withdrawn status Lost status Damaged status Home library Current library Date acquired Full call number Accession Number Koha item type
Withdrawn     KAUAET Malayalam University 07/04/2012 823.308 10163 Books
free website counter